ラブライブ!サンリオコラボのキャラクター - Statistics

General Stats
  • This quiz has been taken 9 times
  • The average score is 26 of 52
Answer Stats
スクールアイドル サンリオキャラクターズ % Correct
南ことり マイメロディ
100%
鐘嵐珠 マイメロディ
100%
嵐千砂都 マイメロディ
100%
矢澤にこ クロミ
86%
朝香果林 クロミ
86%
平安名すみれ クロミ
86%
安養寺姫芽 クロミ
86%
高海千歌 ハローキティ
71%
桜内梨子 シナモロール
71%
黒澤ダイヤ ポムポムプリン
71%
桜坂しずく シナモロール
71%
エマ・ヴェルデ ポムポムプリン
71%
澁谷かのん ハローキティ
71%
桜小路きな子 ポムポムプリン
71%
若菜四季 ハンギョドン
71%
村野さやか ポムポムプリン
71%
大沢瑠璃乃 ハローキティ
71%
徒町小鈴 けろけろけろっぴ
71%
星空凛 けろけろけろっぴ
71%
園田海未 ポチャッコ
57%
松浦果南 タキシードサム
57%
黒澤ルビィ リトルツインスターズ
57%
近江彼方 リトルツインスターズ
57%
優木せつ菜 ポチャッコ
57%
三船栞子 タキシードサム
57%
葉月恋 ポチャッコ
57%
ウィーン・マルガレーテ あひるのペックル
57%
鬼塚冬毬 タキシードサム
57%
夕霧綴理 あひるのペックル
57%
百生吟子 ポチャッコ
57%
国木田花丸 バッドばつ丸
43%
高咲侑 バッドばつ丸
43%
宮下愛 ウサハナ
43%
ミア・テイラー こぎみゅん
43%
米女メイ バッドばつ丸
43%
鬼塚夏美 こぎみゅん
43%
日野下花帆 ウサハナ
43%
乙宗梢 こぎみゅん
43%
西木野真姫 おさるのもんきち
29%
小泉花陽 コロコロクリリン
29%
鹿角理亞 ぼんぼんりぼん
29%
中須かすみ コロコロクリリン
29%
絢瀬絵里 パティ&ジミー
14%
渡辺曜 みんなのたあ坊
14%
上原歩夢 マロンクリーム
14%
高坂穂乃果 ウィーアーダイナソアーズ(ティラン)
0%
東條希 ぽこぽん日記
0%
津島善子 パタパタペッピー
0%
小原鞠莉 ザ ラナバウツ
0%
鹿角聖良 ハミングミント
0%
天王寺璃奈 ニャニィニュニェニョン
0%
藤島慈 ウィッシュミーメル
0%
No matching quizzes found
Score Distribution
Percent of People with Each Score
Percentile by Number Answered
Your Score History
You have not taken this quiz